SAT Words HARD Click Quiz - K - Statistics

General Stats
  • This quiz has been taken 372 times
  • The average score is 10 of 15
Answer Stats
Hint Answer % Correct
Compulsive stealing disorder Kleptomania
97%
Fate or destiny Karma
93%
Small citrus fruit Kumquat
92%
Cheap or tacky but appealing due to nostalgia Kitschy
82%
Bow down; defer, bootlick Kowtow
74%
Polish sausage Kielbasa
73%
Water spirit of Scottish folklore Kelpie
71%
Japanese syllabic script Kana
69%
Put an end to; stop Kibosh
66%
State of distress; hangover Katzenjammer
51%
Short musical prayer of the Christian liturgy Kyrie
50%
Range of knowledge or experience Ken
43%
Offer unwanted advice or criticism Kibbitz
40%
Paradoxical question used in Zen meditation Koan
37%
Fancy dish; delicacy Kickshaw
15%
No matching quizzes found
Score Distribution
Percent of People with Each Score
Percentile by Number Answered
Your Score History
You have not taken this quiz